| 000 | 00743nam a2200217 a 4500 | ||
|---|---|---|---|
| 001 | 3601 | ||
| 003 | CDMR | ||
| 005 | 20131212134815.0 | ||
| 008 | 130130s1983||||||||||||||||||||||||||||d | ||
| 020 | _a0803919522 | ||
| 040 |
_aCDMR _bcat _cCDMR |
||
| 100 | 1 |
_aRowland, Williard D. _92568 |
|
| 245 | 1 | 4 |
_aThe politics of TV violence _b: policy uses of communication research _cby Willard D. Rowland, Jr, ; foreword by Horace Newcomb |
| 260 |
_aBeverly Hills _c1983 _bSage Publications |
||
| 300 | _a320 p. | ||
| 490 | 0 |
_aPeople and Communication _v16 |
|
| 650 | 0 | 4 |
_91190 _aTelevisió _xAspectes socials |
| 650 | 0 | 4 |
_91004 _aTelevisió _zEstats Units d'Amèrica |
| 650 | 0 | 4 |
_92772 _aViolència en els mitjans de comunicació de massa |
| 942 |
_cMON _2udc |
||
| 999 |
_c3601 _d3601 |
||